书目信息 |
| 题名: |
台湾三十年
|
|
| 作者: | 茅家琦 主编 | |
| 分册: | ||
| 出版信息: | 郑州 河南人民出版社 1988 |
|
| 页数: | 452页 | |
| 开本: | 20cm | |
| 丛书名: | ||
| 单 册: | ||
| 中图分类: | K295.8 | |
| 科图分类: | ||
| 主题词: | 中国--地方史 , 中国--地方志 | |
| 电子资源: | ||
| ISBN: | 7-215-00066-4 | |
| 000 | 00608nam0 2200217 450 | |
| 001 | 0738673959 | |
| 005 | 20070802105057.29 | |
| 010 | @a7-215-00066-4@b精装@dCNY5.50 | |
| 100 | @a20070801d1988 km y0chiy0120 ea | |
| 101 | 0 | @achi |
| 102 | @aCN@b410000 | |
| 200 | 1 | @a台湾三十年@Atai wan san shi nian@e1949-1979@f茅家琦主编@Fmao jia qi zhu bian |
| 210 | @a郑州@c河南人民出版社@d1988 | |
| 215 | @a452页@d20cm | |
| 517 | 1 | @a1949-1979 |
| 606 | 0 | @a中国@x地方史 |
| 606 | 0 | @a中国@x地方志 |
| 690 | @aK295.8@v3 | |
| 701 | 0 | @a茅家琦@Amao jia qi@4主编 |
| 801 | 0 | @aCN@bPFT@c20070802 |
| 905 | @a10447@dK295.8@e160 | |
| 台湾三十年:1949-1979/茅家琦主编.-郑州:河南人民出版社,1988 |
| 452页;20cm |
| ISBN 7-215-00066-4(精装):CNY5.50 |
| ● |
| 相关链接 |
|
|
|
|
正题名:台湾三十年
索取号:K295.8/160
 
预约/预借
| 序号 | 登录号 | 条形码 | 馆藏地/架位号 | 状态 | 备注 |
| 1 | 0790177 | 207901779 | 第二样本阅览室/ [索取号:K295.8/160] | 在馆 |